000
00272nam a2200109 a 4500
008
111128s2008|||| d
100
1
_a
Bara,A.- Jaskowiec, J.
245
1
0
_a
Piekna ziemia Gorlicka
260
_b
Nova Sandec
_a
Gorlice
_c
2008
020
_c
100
044
_a
xo
_c
SK
999
_c
18342
_d
18342